[Event "16th Spilimbergo Open 2018"]
[Site "Spilimbergo"]
[Date "2018.08.11"]
[Round "3.12"]
[White "Vezzosi, Paolo"]
[Black "Sonis, Francesco"]
[Result "0-1"]
[WhiteElo "2301"]
[BlackElo "2468"]
[Annotator "TA"]
[PlyCount "78"]
[EventDate "2018.08.10"]
[EventType "swiss"]
[EventCountry "ITA"]
[SourceTitle "playchess.com"]
[Source "ChessBase"]
[SourceQuality "1"]

{[%evp 14,78,17,-27,27,0,2,0,0,-25,-27,-30,20,20,16,15,17,0,12,-17,-17,-17,-17,-19,-18,-18,-12,-18,-20,-32,-26,-42,-44,-54,-54,-56,-53,-65,-65,-73,-66,-79,-66,-66,-85,-168,-166,-157,-82,-92,-83,-88,-89,-83,-67,-207,-200,-193,-172,-187,-197,-181,-145,-29938,-29941,-10619,-9856]} 1. d4 d5 2. Bf4 c5 3. e3 Nc6 4. c3 Nf6 5. Nd2 cxd4 6. exd4 {D00: 1 d4 d5: Unusual lines} Bf5 7. Ngf3 e6 8. Ne5 {LiveBook: 7 Games. With the idea g4.The position is equal.} (8. Qb3 Bd6 9. Bg3 Bxg3 10. hxg3 Qd6 11. Qxb7 Rb8 12. Qa6 O-O {0-1 (36) Caruana,F (2816)-Grischuk,A (2766) Paris 2018}) 8... Nd7 (8... Bd6 $142) 9. Ndf3 Ndxe5 10. Nxe5 Bd6 11. Bd3 $146 ({Predecessor:} 11. Bb5 Qc7 12. g4 Be4 {½-½ (30) Aloma Vidal,R (2406)-Ghosh,D (2468) Barbera del Valles 2014}) 11... Bxe5 12. Bxe5 O-O 13. Bxf5 exf5 14. O-O Re8 15. Re1 Qd7 (15... f6 $5 {[%cal Rf6e5]} 16. Bg3 Rxe1+ 17. Qxe1 Qd7 $11) 16. Qd2 f6 17. Bg3 g5 $36 {[%mdl 2048] Black is more active.} 18. f3 f4 19. Bf2 Qf5 20. Rad1 Kf7 21. Kf1 h5 22. Rxe8 Rxe8 23. Qd3 Qxd3+ 24. Rxd3 $15 {[%mdl 4096] Endgame KRB-KRN} b5 25. b3 a5 26. Rd1 Ne7 27. Rb1 Rc8 28. Rc1 Nf5 29. Ke2 (29. h3 $17 {was worth a try.}) 29... g4 $19 30. Kd3 {[#]} g3 (30... Re8 $142 $1 31. Rd1 g3) 31. hxg3 $17 fxg3 32. Be3 h4 33. Bd2 Rh8 34. c4 (34. Rh1 $1 $15) 34... bxc4+ 35. bxc4 dxc4+ 36. Rxc4 h3 37. gxh3 Rxh3 {aiming for ...g2.} 38. d5 $2 {[%mdl 8192] [#]} (38. Rc1 $17) 38... g2 39. Rg4 Rxf3+ {Precision: White = 24%, Black = 73%.} 0-1

[Event "16th Spilimbergo Open 2018"]
[Site "Spilimbergo"]
[Date "2018.08.11"]
[Round "3.13"]
[White "Lodici, Lorenzo"]
[Black "Dappiano, Andrea"]
[Result "1-0"]
[WhiteElo "2447"]
[BlackElo "2285"]
[Annotator "NA"]
[PlyCount "105"]
[EventDate "2018.08.10"]
[EventType "swiss"]
[EventCountry "ITA"]
[SourceTitle "playchess.com"]
[Source "ChessBase"]
[SourceQuality "1"]
[TimeControl "5400+30"]

1. d4 {[%emt 0:00:30]} e6 {[%emt 0:00:30]} 2. c4 {[%emt 0:00:00]} Bb4+ {[%emt 0:00:00]} 3. Nd2 {[%emt 0:00:00]} Nf6 {[%emt 0:00:00]} 4. a3 {[%emt 0:00:00]} Be7 {[%emt 0:01:30]} 5. e4 {[%emt 0:00:00]} d5 {[%emt 0:00:00]} 6. e5 {[%emt 0:00:00]} Nfd7 {[%emt 0:00:00]} 7. Qg4 {[%emt 0:00:00]} O-O {[%emt 0:03:30]} 8. Ndf3 {[%emt 0:06:30]} f5 {[%emt 0:10:30]} 9. Qg3 {[%emt 0:00:00]} dxc4 {[%emt 0:18:30]} 10. Bxc4 {[%emt 0:00:00]} Nb6 {[%emt 0:00:30]} 11. Ba2 {[%emt 0:00:30]} Na6 {[%emt 0:18:30]} 12. Ne2 {[%emt 0:04:30]} Nd5 {[%emt 0:04:30]} 13. Bh6 {[%emt 0:06:30]} Rf7 {[%emt 0:00:00]} 14. Ng5 {[%emt 0:00:30]} Bxg5 {[%emt 0:01:00]} 15. Bxg5 {[%emt 0:00:00]} Qe8 {[%emt 0:00:30]} 16. Bxd5 {[%emt 0:05:00]} exd5 {[%emt 0:00:30]} 17. Nf4 {[%emt 0:00:30]} c6 {[%emt 0:10:30]} 18. O-O-O {[%emt 0:04:30]} Be6 {[%emt 0:03:30]} 19. h4 {[%emt 0:07:30]} c5 {[%emt 0:03:30]} 20. h5 {[%emt 0:10:30]} cxd4 {[%emt 0:02:30]} 21. Rxd4 {[%emt 0:01:30]} Nc5 {[%emt 0:00:30]} 22. Qe3 {[%emt 0:02:30]} Rc7 {[%emt 0:06:16]} 23. Kb1 {[%emt 0:02:30]} h6 {[%emt 0:00:46]} 24. Bh4 {[%emt 0:00:30]} Rac8 {[%emt 0:01:22]} 25. Rc1 {[%emt 0:08:30]} Qb5 {[%emt 0:03:14]} 26. Rb4 {[%emt 0:01:30]} Qa6 {[%emt 0:01:01]} 27. f3 {[%emt 0:07:30]} Bf7 {[%emt 0:01:04]} 28. Rd1 {[%emt 0:07:30]} d4 {[%emt 0:03:04]} 29. Qxd4 {[%emt 0:04:30]} Ne6 {[%emt 0:02:18]} 30. Qd3 {[%emt 0:00:30]} Nxf4 {[%emt 0:00:44]} 31. Qxa6 {[%emt 0:00:00]} bxa6 {[%emt 0:00:01]} 32. Rxf4 {[%emt 0:00:00]} Bxh5 {[%emt 0:00:13]} 33. Bd8 {[%emt 0:02:30]} Rc2 {[%emt 0:01:16]} 34. e6 {[%emt 0:00:47]} Re2 {[%emt 0:00:26]} 35. e7 {[%emt 0:01:04]} g5 {[%emt 0:01:43]} 36. Rb4 {[%emt 0:01:18]} f4 {[%emt 0:01:18]} 37. Re4 {[%emt 0:08:01]} Rxe4 {[%emt 0:01:01]} 38. fxe4 {[%emt 0:00:02]} Kf7 {[%emt 0:00:23]} 39. Rd6 {[%emt 0:00:56]} f3 {[%emt 0:01:16]} 40. gxf3 {[%emt 0:00:14]} Kg7 {[%emt 0:01:01]} 41. Rf6 {[%emt 0:00:51]} Bf7 {[%emt 0:00:06]} 42. Re6 {[%emt 0:00:24]} Be8 {[%emt 0:00:05]} 43. Rxa6 {[%emt 0:01:17]} h5 {[%emt 0:00:36]} 44. Ra5 {[%emt 0:00:04]} Kg6 {[%emt 0:00:41]} 45. Rf5 {[%emt 0:00:16]} Bf7 {[%emt 0:00:36]} 46. Rxg5+ {[%emt 0:02:44]} Kh7 {[%emt 0:00:08]} 47. Re5 {[%emt 0:00:57]} Be8 {[%emt 0:00:06]} 48. Rf5 {[%emt 0:00:09]} h4 {[%emt 0:01:05]} 49. Rf8 {[%emt 0:00:03]} Bg6 {[%emt 0:00:41]} 50. e8=Q {[%emt 0:00:14]} Bxe8 {[%emt 0:00:02]} 51. Rxe8 {[%emt 0:00:02]} h3 {[%emt 0:00:10]} 52. Re7+ {[%emt 0:00:22]} Kg6 {[%emt 0:00:39]} 53. Bc7 {[%emt 0:00:05]} 1-0

[Event "16th Spilimbergo Open 2018"]
[Site "Spilimbergo"]
[Date "2018.08.11"]
[Round "3.14"]
[White "Paltrinieri, Nicholas"]
[Black "Morozov, Nichita"]
[Result "1/2-1/2"]
[WhiteElo "2288"]
[BlackElo "2438"]
[Annotator "TA"]
[PlyCount "87"]
[EventDate "2018.08.10"]
[EventType "swiss"]
[EventCountry "ITA"]
[SourceTitle "playchess.com"]
[Source "ChessBase"]
[SourceQuality "1"]

{[%evp 20,87,41,56,39,35,37,35,26,40,52,66,73,69,94,49,63,49,44,44,67,57,75,72,226,154,199,83,133,139,187,185,198,185,195,172,163,60,135,44,42,43,69,66,125,111,177,188,211,93,49,46,134,115,113,120,125,0,0,0,0,0,0,0,0,0,0,0,0,0]} 1. d4 Nf6 2. Bg5 e6 3. e4 h6 4. Bxf6 Qxf6 5. c3 d6 6. Bd3 Nd7 {A45: Trompowsky Attack} 7. Ne2 g6 8. O-O Bg7 9. f4 Qe7 10. f5 e5 11. fxg6 {LiveBook: 5 Games} fxg6 12. Nd2 Nf6 13. Qb3 {[#]} Be6 $146 ({Predecessor:} 13... c6 14. Nc4 {1-0 (42) Bosiocic,M (2624)-Pantsulaia,L (2612) Riadh 2017}) 14. Qxb7 O-O 15. Qa6 Ng4 16. Bc4 exd4 17. cxd4 {Strongly threatening h3.} Bxc4 18. Qxc4+ Kh7 19. Qd3 c5 (19... Qh4 $2 20. h3 $18) 20. h3 Nf6 21. Nf4 Qe8 $2 (21... Nh5 $16 22. Nd5 Qh4) 22. Rae1 Nd7 23. dxc5 (23. e5 $1 $18 {and the rest is easy.}) 23... Ne5 24. Qd5 {aiming for Ne6.} dxc5 {...Rd8 is the strong threat.} 25. Ne6 ({Don't play} 25. Qxc5 $6 g5 $16) 25... Rxf1+ 26. Rxf1 ({But not} 26. Kxf1 $6 Qf7+ 27. Kg1 Re8 $16) 26... Rb8 27. Nb3 c4 28. Nbc5 ({White should try} 28. Nbd4 $18 Rb6 29. Nxg7 Kxg7 30. Nf3) 28... Rb6 ({Better is} 28... Qe7 $14) 29. b3 (29. Nxg7 $16 Kxg7 30. Qd4) 29... Qe7 $14 30. Nxg7 $40 {[%mdl 128] White mounts an attack.} Rd6 31. Qb7 Qxg7 (31... Qxb7 $14 32. Nxb7 Rb6) 32. bxc4 $16 Rc6 (32... Qxb7 $16 33. Nxb7 Rd7) 33. Nd7 $18 h5 {[#]} 34. Nf8+ (34. Rd1 $1 $18 {is more deadly.} Rxc4 35. Qa6) 34... Kh6 $16 35. Qb4 Rf6 (35... Nxc4 $14 36. Ne6 a5) 36. Qd2+ g5 37. Rxf6+ Qxf6 {[#]} 38. Nd7 (38. Qd5 $1 $16) 38... Nxd7 $1 $11 {The position is equal.} 39. Qxd7 {Black must now prevent Qf5. KQ-KQ} Qa1+ 40. Kf2 {Threatens to win with Qc6+.} Qxa2+ 41. Ke3 {And now Qe6+ would win.} Qxc4 42. Qxa7 Qc3+ 43. Kf2 Qd2+ 44. Kf1 {Precision: White = 53%, Black = 47%.} 1/2-1/2

[Event "16th Spilimbergo Open 2018"]
[Site "Spilimbergo"]
[Date "2018.08.11"]
[Round "3.15"]
[White "Mesaros, Florian"]
[Black "Comai, Samuele"]
[Result "1-0"]
[WhiteElo "2422"]
[BlackElo "1957"]
[Annotator "TA"]
[PlyCount "51"]
[EventDate "2018.08.10"]
[EventType "swiss"]
[EventCountry "ITA"]
[SourceTitle "playchess.com"]
[Source "ChessBase"]
[SourceQuality "1"]

{[%evp 21,51,0,6,0,22,-6,0,-19,13,10,10,8,37,32,68,67,83,61,65,55,54,58,66,57,64,72,126,125,110,132,329,322]} 1. Nf3 Nf6 2. c4 e6 3. Nc3 d5 4. d4 Bb4 5. Qa4+ Nc6 6. e3 O-O 7. Bd2 dxc4 {D38: Damengambit (Ragosin-Verteidigung)} 8. Bxc4 a6 (8... Bd6 9. e4 e5 10. dxe5 Nxe5 11. Nxe5 Bxe5 12. O-O-O Qe8 13. Qxe8 Rxe8 14. f3 Be6 15. Bxe6 Rxe6 {½-½ (67) Navara,D (2727)-Harikrishna,P (2732) Prague 2018}) 9. Qc2 Bd6 10. O-O e5 11. d5 Ne7 {[%cal Bc6e7,Be7g6,Bg6f4][%mdl 32] LiveBook: 5 Partien} 12. e4 Ng6 13. Rab1 $146 ({Vorgänger:} 13. Rfe1 h6 14. Bf1 Nh5 15. Be3 Nhf4 {1-0 (56) Borges Matos,J (2453)-Gongora Reyes,M (2406) Havana 2003}) 13... Qe7 14. Be2 Nf4 15. Rfe1 {Und Lxf4 würde nun gewinnen.} Nxe2+ 16. Nxe2 c6 17. dxc6 bxc6 18. Ng3 Qc7 19. Bg5 Ne8 20. Rbc1 {[%cal Bb1c1,Bc1c6,Bc6b6][%mdl 32]} f6 21. Be3 $36 {[%mdl 2048] Weiss kämpft um Vorteil.} Be6 22. Qxc6 Qxc6 23. Rxc6 Bxa2 {[#]} (23... Rf7 $142) 24. Nf5 $1 $16 {Ta1 ist eine echte Drohung.} Bb4 25. Ra1 Bf7 $2 {[#]} (25... Rd8 $16 26. h3 (26. Rxa6 Bc4 $16) 26... Bf7 27. Raxa6 Bg6) 26. Rb6 $1 {Precision: Weiß = 53%, Schwarz = 28%.} 1-0

[Event "16th Spilimbergo Open 2018"]
[Site "Spilimbergo"]
[Date "2018.08.11"]
[Round "3.16"]
[White "Rahul Srivatshav P"]
[Black "Di Benedetto, Desiree"]
[Result "1/2-1/2"]
[WhiteElo "2388"]
[BlackElo "2295"]
[Annotator "NA"]
[PlyCount "80"]
[EventDate "2018.08.10"]
[EventType "swiss"]
[EventCountry "ITA"]
[SourceTitle "playchess.com"]
[Source "ChessBase"]
[SourceQuality "1"]
[TimeControl "5400+30"]

1. Nf3 {[%emt 0:00:30]} d5 {[%emt 0:00:30]} 2. g3 {[%emt 0:00:00]} Nf6 {[%emt 0:01:30]} 3. Bg2 {[%emt 0:00:00]} e6 {[%emt 0:00:30]} 4. O-O {[%emt 0:00:30]} Be7 {[%emt 0:01:30]} 5. d3 {[%emt 0:00:30]} c5 {[%emt 0:00:00]} 6. Nbd2 {[%emt 0:00:30]} Nc6 {[%emt 0:00:00]} 7. e4 {[%emt 0:00:30]} Qc7 {[%emt 0:01:30]} 8. Re1 {[%emt 0:00:00]} b6 {[%emt 0:01:30]} 9. c3 {[%emt 0:01:00]} Bb7 {[%emt 0:07:30]} 10. exd5 {[%emt 0:06:30]} Nxd5 {[%emt 0:01:30]} 11. Nc4 {[%emt 0:05:30]} O-O {[%emt 0:01:30]} 12. a4 {[%emt 0:02:30]} Rad8 {[%emt 0:06:30]} 13. Qb3 {[%emt 0:01:30]} h6 {[%emt 0:05:30]} 14. a5 {[%emt 0:03:30]} Nxa5 {[%emt 0:08:30]} 15. Nxa5 {[%emt 0:05:30]} bxa5 {[%emt 0:00:30]} 16. Ne5 {[%emt 0:00:30]} Nb6 {[%emt 0:23:30]} 17. Bxb7 {[%emt 0:06:30]} Qxb7 {[%emt 0:00:30]} 18. Qb5 {[%emt 0:18:30]} Bd6 {[%emt 0:10:30]} 19. Nc4 {[%emt 0:03:30]} Bb8 {[%emt 0:09:15]} 20. Be3 {[%emt 0:03:30]} Qd5 {[%emt 0:03:17]} 21. Nxb6 {[%emt 0:04:30]} axb6 {[%emt 0:00:08]} 22. Qxb6 {[%emt 0:00:30]} Bd6 {[%emt 0:02:41]} 23. Qxa5 {[%emt 0:15:30]} Ra8 {[%emt 0:01:09]} 24. Qb5 {[%emt 0:00:00]} Rab8 {[%emt 0:01:36]} 25. Qa6 {[%emt 0:00:00]} Rfd8 {[%emt 0:02:52]} 26. c4 {[%emt 0:01:30]} Qf5 {[%emt 0:04:49]} 27. Rad1 {[%emt 0:00:45]} Rxb2 {[%emt 0:01:04]} 28. d4 {[%emt 0:00:15]} cxd4 {[%emt 0:01:16]} 29. Rxd4 {[%emt 0:01:55]} Be7 {[%emt 0:02:34]} 30. Qa1 {[%emt 0:05:22]} Rbb8 {[%emt 0:00:22]} 31. Rxd8+ {[%emt 0:01:42]} Rxd8 {[%emt 0:00:10]} 32. Qa7 {[%emt 0:00:11]} Bg5 {[%emt 0:00:53]} 33. Bb6 {[%emt 0:05:22]} Rd2 {[%emt 0:00:41]} 34. Qa8+ {[%emt 0:00:29]} Kh7 {[%emt 0:00:03]} 35. h4 {[%emt 0:01:50]} Bf6 {[%emt 0:00:34]} 36. Be3 {[%emt 0:00:13]} Rd8 {[%emt 0:00:43]} 37. Qa7 {[%emt 0:00:25]} Bxh4 {[%emt 0:00:48]} 38. gxh4 {[%emt 0:01:36]} Qg4+ {[%emt 0:00:05]} 39. Kh2 {[%emt 0:00:30]} Qxh4+ {[%emt 0:00:05]} 40. Kg2 {[%emt 0:00:11]} Qg4+ {[%emt 0:00:04]} 1/2-1/2

[Event "16th Spilimbergo Open 2018"]
[Site "Spilimbergo"]
[Date "2018.08.12"]
[Round "4.1"]
[White "Dreev, Aleksey"]
[Black "Jobava, Baadur"]
[Result "1-0"]
[WhiteElo "2635"]
[BlackElo "2646"]
[Annotator "TA"]
[PlyCount "83"]
[EventDate "2018.08.10"]
[EventType "swiss"]
[EventCountry "ITA"]
[SourceTitle "playchess.com"]
[Source "ChessBase"]
[SourceQuality "1"]

{[%evp 9,83,24,47,49,45,37,62,29,41,17,30,10,15,8,33,36,54,49,45,47,45,46,61,45,38,52,62,50,55,53,72,45,40,0,0,0,0,0,27,24,61,57,62,57,61,61,61,61,61,59,79,73,79,48,74,75,82,75,96,55,56,66,64,59,58,53,60,60,62,54,96,83,104,114,99,8]} 1. d4 {Primel,D} d5 2. c4 c6 3. Nf3 e6 4. Qb3 Bd6 (4... Nf6 5. g3 Be7 6. Bg2 O-O 7. O-O b6 8. Bf4 Bb7 9. Nc3 Nbd7 10. Ne5 Nxe5 11. dxe5 Nd7 12. Rfd1 g5 13. Be3 Nxe5 14. cxd5 cxd5 15. Nb5 Qd7 16. Nd4 Nc4 17. Bc1 Nd6 {1-0 (37) Sargissian,G (2686)-Zhigalko,S (2678) Dubai 2014}) 5. Bg5 f6 6. Bh4 {D30: Queen's Gambit Declined: Systems without Nc3} Ne7 7. Bg3 Nf5 8. Bxd6 {[#] Strongly threatening Bg3.White is slightly better.} Nxd6 $146 ({Predecessor:} 8... Qxd6 9. Nc3 Nd7 10. e4 Ne7 11. Bd3 e5 12. dxe5 fxe5 13. cxd5 {1-0 (35) Payen,A (2378)-Lafaurie,P (2126) Issy les Moulineaux 2007 EXT 2008 [Primel,D]}) 9. e3 Nd7 10. Nc3 O-O 11. Be2 Kh8 12. O-O a5 13. c5 Nf7 14. e4 {[%cal Re4d5]} dxe4 15. Nxe4 f5 16. Ng3 (16. Ned2 {looks sharper.} e5 17. dxe5 Nfxe5 18. Qc2 Nxf3+ 19. Nxf3 Qe7 20. Rac1) 16... e5 17. dxe5 Ndxe5 18. Nxe5 Nxe5 19. Qc3 Qe7 20. Rae1 Nd7 21. Bd3 (21. Nxf5 {is more complex.} Rxf5 22. Bd3 Re5 23. Rxe5 Nxe5 24. Re1) 21... Qxc5 22. Bxf5 Qxc3 23. bxc3 b5 24. Re6 b4 25. Rxc6 {Hoping for cxb4.} Ne5 26. Rxc8 Raxc8 27. Bxc8 Rxc8 28. cxb4 axb4 $14 {[%mdl 4096] Endgame KRN-KRN} 29. Rd1 h6 30. h3 Rc2 31. Rd4 Nc6 32. Rd6 Ne5 33. f4 Nf7 34. Rd4 Rxa2 {White should prevent ...b3.} 35. Rxb4 Nd6 36. Rb8+ Kh7 37. Rd8 Ra3 38. Kh2 Nc4 39. Nh5 Ra5 40. g4 {White is better.} Ra2+ 41. Kg3 {aiming for Rd7.} Ra3+ {[#]} 42. Kf2 {[%mdl 32768] Precision: White = 76%, Black = 51%. . Sensor Board Error (Ke4/e5)?} (42. Kg2 $1 $16) 1-0

[Event "16th Spilimbergo Open 2018"]
[Site "Spilimbergo"]
[Date "2018.08.12"]
[Round "4.3"]
[White "Nisipeanu, Liviu-Dieter"]
[Black "Lodici, Lorenzo"]
[Result "1/2-1/2"]
[WhiteElo "2657"]
[BlackElo "2447"]
[Annotator "RC"]
[PlyCount "56"]
[EventDate "2018.08.10"]
[EventType "swiss"]
[EventCountry "ITA"]
[SourceTitle "playchess.com"]
[Source "ChessBase"]
[SourceQuality "1"]
[TimeControl "5400+30"]

1. c4 {[%emt 0:00:30]} e6 {[%emt 0:00:30]} 2. Nc3 {[%emt 0:00:00]} d5 {[%emt 0:00:00]} 3. d4 {[%emt 0:00:00]} Bb4 {[%emt 0:01:00]} 4. e3 {[%emt 0:01:30]} Nf6 {[%emt 0:00:30]} 5. cxd5 {[%emt 0:02:30]} exd5 {[%emt 0:02:30]} 6. Qa4+ {[%emt 0:00:30]} Nc6 {[%emt 0:00:30]} 7. Bd3 {[%emt 0:00:30]} O-O {[%emt 0:01:30]} 8. Nge2 {[%emt 0:00:00]} Bd6 {[%emt 0:16:30]} 9. a3 {[%emt 0:00:00]} a6 {[%emt 0:05:30]} 10. Qc2 {[%emt 0:01:30]} Ne7 {[%emt 0:06:30]} 11. O-O {[%emt 0:12:30]} b6 {[%emt 0:02:30]} 12. b4 {[%emt 0:01:30]} Bb7 {[%emt 0:03:30]} 13. Rb1 {[%emt 0:00:30]} Ng6 {[%emt 0:08:30]} 14. f3 {[%emt 0:09:30]} Qe7 {[%emt 0:04:30]} 15. Ng3 {[%emt 0:01:30]} Nh4 {[%emt 0:09:30]} 16. Qf2 {[%emt 0:08:30]} c5 {[%emt 0:03:30]} 17. bxc5 {[%emt 0:07:30]} bxc5 {[%emt 0:00:30]} 18. Nce2 {[%emt 0:01:30]} Bc8 {[%emt 0:09:30]} 19. h3 {[%emt 0:07:30]} h6 {[%emt 0:04:16]} 20. Nf4 {[%emt 0:04:30]} Re8 {[%emt 0:05:38]} 21. Bd2 {[%emt 0:02:30]} Bd7 {[%emt 0:01:17]} 22. e4 {[%emt 0:06:30]} cxd4 {[%emt 0:00:38]} 23. Rfe1 {[%emt 0:03:30]} Bxf4 {[%emt 0:03:06]} 24. Bxf4 {[%emt 0:00:30]} Qxa3 {[%emt 0:00:02]} 25. Qxd4 {[%emt 0:07:30]} Bxh3 {[%emt 0:01:45]} 26. Ra1 {[%emt 0:00:30]} Qf8 {[%emt 0:00:49]} 27. Bf1 {[%emt 0:00:30]} Be6 {[%emt 0:01:50]} 28. Be5 {[%emt 0:07:55]} Nd7 {[%emt 0:03:19]} 1/2-1/2

[Event "16th Spilimbergo Open 2018"]
[Site "Spilimbergo"]
[Date "2018.08.12"]
[Round "4.4"]
[White "Godena, Michele"]
[Black "Bosiocic, Marin"]
[Result "1/2-1/2"]
[WhiteElo "2502"]
[BlackElo "2590"]
[Annotator "TA"]
[PlyCount "56"]
[EventDate "2018.08.10"]
[EventType "swiss"]
[EventCountry "ITA"]
[SourceTitle "playchess.com"]
[Source "ChessBase"]
[SourceQuality "1"]

{[%evp 15,56,16,8,5,40,25,60,10,15,0,13,23,31,9,33,0,10,0,22,0,0,0,15,-60,18,27,68,2,102,81,74,32,50,17,10,12,30,16,20,24,23,12,8]} 1. e4 c5 2. c3 d5 3. exd5 Qxd5 4. d4 Nf6 5. Nf3 e6 6. Na3 {[%cal Bb1a3,Ba3c2,Bc2d4][%mdl 32]} Nc6 7. Be2 Qd8 8. Nc2 Be7 {LiveBook: 56 Games} 9. Bf4 {B22: Sicilian: 2 c3} Nd5 10. Bg3 Qb6 $146 ({Predecessor:} 10... O-O 11. O-O b6 12. dxc5 Bxc5 13. Nfd4 Nxd4 14. Nxd4 Bb7 15. Bf3 Qe7 {½-½ (15) Godena,M (2508)-David,A (2580) Milan 2015}) 11. Rb1 {White is slightly better.} O-O 12. O-O cxd4 13. Ncxd4 Rd8 14. Qc2 Bd7 15. Rbd1 Rac8 16. Rfe1 Bf6 {[#] ...Nxd4 is the strong threat.} 17. Qb3 Na5 18. Qc2 Be8 19. Ne5 (19. Bd3 $11) 19... Ne7 (19... Nxc3 $15 20. bxc3 Rxd4 21. Rxd4 Qxd4 22. Qxh7+ Kxh7 23. cxd4 Nc6) 20. Ndf3 $11 {And now b4 would win.} Nf5 21. Bf4 (21. Bd3 $14) 21... Nc6 (21... Rxd1 $11 22. Rxd1 Bxe5 23. Bxe5 (23. Nxe5 Nd4 $14) 23... Nc4) 22. Nc4 $16 Qc5 23. Rxd8 Rxd8 24. Rd1 Rxd1+ 25. Qxd1 e5 26. Bc1 e4 27. Nfd2 Qd5 28. Nb3 Qxd1+ {Precision: White = 34%, Black = 20%.} 1/2-1/2

[Event "16th Spilimbergo Open 2018"]
[Site "Spilimbergo"]
[Date "2018.08.12"]
[Round "4.5"]
[White "Karthik Venkataraman"]
[Black "Skoberne, Jure"]
[Result "1-0"]
[WhiteElo "2502"]
[BlackElo "2575"]
[Annotator "ChessBase"]
[PlyCount "63"]
[EventDate "2018.08.10"]
[EventType "swiss"]
[EventCountry "ITA"]
[SourceTitle "playchess.com"]
[Source "ChessBase"]
[SourceQuality "1"]
[TimeControl "5400+30"]

1. d4 {[%emt 0:01:30]} d5 {[%emt 0:01:30]} 2. c4 {[%emt 0:00:30]} c6 {[%emt 0:00:30]} 3. Nf3 {[%emt 0:00:30]} Nf6 {[%emt 0:00:00]} 4. Nc3 {[%emt 0:00:00]} dxc4 {[%emt 0:00:00]} 5. e4 {[%emt 0:03:00]} b5 {[%emt 0:00:30]} 6. Be2 {[%emt 0:00:30]} b4 {[%emt 0:08:30]} 7. Na4 {[%emt 0:00:00]} Nxe4 {[%emt 0:00:30]} 8. Bxc4 {[%emt 0:00:00]} e6 {[%emt 0:02:30]} 9. O-O {[%emt 0:00:30]} Be7 {[%emt 0:01:30]} 10. Re1 {[%emt 0:00:00]} Nf6 {[%emt 0:00:30]} 11. Ne5 {[%emt 0:01:00]} O-O {[%emt 0:00:30]} 12. Bg5 {[%emt 0:00:30]} a5 {[%emt 0:04:30]} 13. Qb3 {[%emt 0:14:30]} Qxd4 {[%emt 0:17:30]} 14. Rad1 {[%emt 0:00:30]} Qa7 {[%emt 0:02:30]} 15. Qf3 {[%emt 0:12:30]} Nd5 {[%emt 0:08:30]} 16. Bxe7 {[%emt 0:01:30]} Nxe7 {[%emt 0:00:30]} 17. Qh5 {[%emt 0:10:30]} Nd5 {[%emt 0:11:30]} 18. Bd3 {[%emt 0:01:30]} g6 {[%emt 0:02:30]} 19. Qh6 {[%emt 0:03:30]} f6 {[%emt 0:03:30]} 20. Nc4 {[%emt 0:00:30]} Qg7 {[%emt 0:11:30]} 21. Qc1 {[%emt 0:00:30]} Ra7 {[%emt 0:03:17]} 22. Ncb6 {[%emt 0:10:30]} Qc7 {[%emt 0:03:03]} 23. Nxc8 {[%emt 0:00:30]} Qxc8 {[%emt 0:00:04]} 24. Qc5 {[%emt 0:00:30]} Rff7 {[%emt 0:01:03]} 25. Bc4 {[%emt 0:00:30]} Qd7 {[%emt 0:03:51]} 26. Nb6 {[%emt 0:01:30]} Qe7 {[%emt 0:08:02]} 27. Qd4 {[%emt 0:00:30]} Qe8 {[%emt 0:02:50]} 28. Bxd5 {[%emt 0:01:30]} cxd5 {[%emt 0:00:08]} 29. Nxd5 {[%emt 0:00:30]} Qd8 {[%emt 0:01:01]} 30. Rxe6 {[%emt 0:00:30]} Rad7 {[%emt 0:00:21]} 31. Rde1 {[%emt 0:01:30]} Kf8 {[%emt 0:00:58]} 32. Qe4 1-0